An Introduction To Assam General Knowledge/ (Record no. 213989)

MARC details
000 -LEADER
fixed length control field 00622nam a22001937a 4500
005 - DATE AND TIME OF LATEST TRANSACTION
control field 20260101151646.0
010 ## - LCCN (DPL NO)
LC control number ENG-147370-371
020 ## - INTERNATIONAL STANDARD BOOK NUMBER
International Standard Book Number 9789364440479
Terms of availability 550.00
035 ## - SYSTEM CONTROL NUMBER
System control number EN-130902-903
037 ## - SOURCE OF ACQUISITION
Source of stock number/acquisition DBAD
082 ## - DEWEY DECIMAL CLASSIFICATION NUMBER
Classification number 954.51
Edition number 6
100 ## - MAIN ENTRY--PERSONAL NAME
Personal name Baishya, Sailen
245 ## - TITLE STATEMENT
Title An Introduction To Assam General Knowledge/
Statement of responsibility, etc by Sailen Baishya
250 ## - EDITION STATEMENT
Edition statement 6
260 ## - PUBLICATION, DISTRIBUTION, ETC. (IMPRINT)
Place of publication, distribution, etc Chennai
Name of publisher, distributor, etc McGraw Hill Education Private Ltd
Date of publication, distribution, etc 2025
270 ## - ADDRESS
Address Anjana Complex No. 5/90 A, Butt Road, St Thomas Mount
City Chennai
Postal code 600016
300 ## - PHYSICAL DESCRIPTION
Extent 424p.
Dimensions 24cm(pb)
Other physical details Index
942 ## - ADDED ENTRY ELEMENTS (KOHA)
Source of classification or shelving scheme Dewey Decimal Classification
Item type English Books
Call number suffix BAI
Classification part 954.51
Edition 6
Holdings
Withdrawn status Lost status Not for loan Collection code Home library Current library Date acquired Source of acquisition Cost, normal purchase price Full call number Barcode Copy number Cost, replacement price Koha item type
      Non-fiction Bawana Bawana 01/01/2026 Delivery of Books Act Division 550.00 BAI 954.51 EN-130903 1 550.00 English Books
      Non-fiction Mobile Library Mobile Library 01/01/2026 Delivery of Books Act Division 550.00 BAI 954.51 EN-130902 1 550.00 English Books

© Delhi Public Library
Hit Counter
free hit counter